| 000 | 00668nam a2200229 a 4500 | ||
|---|---|---|---|
| 001 | 12896 | ||
| 003 | BD-JhCC | ||
| 005 | 20230601105941.0 | ||
| 008 | 171109s2013 bg |||| ||a| 000 0 ben d | ||
| 020 | _a9789848841006 | ||
| 035 | _a(BD-JhCC)12896 | ||
| 040 |
_aBD-JhCC _dBD-JhCC |
||
| 041 | _aben | ||
| 082 |
_a891.442 _bROS 2013 |
||
| 100 | _aরশীদ, মামুনুর | ||
| 245 |
_aনাটক সমগ্র / _cমামুনুর রশীদ |
||
| 260 |
_aঢাকা : _bনালন্দা, _c২০১৩ |
||
| 300 |
_aখন্ড ১-৩ : _c২১ সেমি. |
||
| 650 | _aBengali Drama | ||
| 942 |
_2ddc _cBK _01 |
||
| 999 |
_c12896 _d12896 |
||